[Event "Reykjavik Open 2013"]
[Site "?"]
[Date "2013.02.25"]
[Round "8.16"]
[White "Andersen, Mads"]
[Black "L'ami, Alina"]
[Result "1-0"]
[LiveChessVersion "1.4"]
[BlackElo "2362"]
[WhiteElo "2462"]

1. d4 {[%clk 1:29:47]} Nf6 {[%clk 1:29:15]} 2. c4 {[%clk 1:29:37]} g6
{[%clk 1:29:40]} 3. Nc3 {[%clk 1:30:03]} Bg7 {[%clk 1:30:05]} 4. e4
{[%clk 1:30:27]} d6 {[%clk 1:30:32]} 5. f3 {[%clk 1:30:44]} O-O {[%clk 1:30:48]}
6. Be3 {[%clk 1:30:40]} Nc6 {[%clk 1:28:03]} 7. Nge2 {[%clk 1:30:37]} a6
{[%clk 1:27:51]} 8. Qd2 {[%clk 1:30:53]} Rb8 {[%clk 1:28:08]} 9. Rc1
{[%clk 1:31:12]} Bd7 {[%clk 1:28:00]} 10. Nd1 {[%clk 1:31:31]} b5
{[%clk 1:26:18]} 11. c5 {[%clk 1:31:50]} e6 {[%clk 1:12:25]} 12. g3
{[%clk 1:29:23]} Qe7 {[%clk 1:06:30]} 13. Bg2 {[%clk 1:25:49]} dxc5
{[%clk 0:55:44]} 14. Rxc5 {[%clk 1:23:50]} Rfd8 {[%clk 0:54:04]} 15. O-O
{[%clk 1:19:30]} Rbc8 {[%clk 0:41:41]} 16. Nf2 {[%clk 1:08:34]} Be8
{[%clk 0:36:21]} 17. Qc3 {[%clk 0:58:39]} Nb8 {[%clk 0:35:04]} 18. Rc1
{[%clk 0:58:29]} c6 {[%clk 0:35:13]} 19. Qa5 {[%clk 0:52:12]} Nfd7
{[%clk 0:28:52]} 20. R5c2 {[%clk 0:52:24]} c5 {[%clk 0:21:35]} 21. dxc5
{[%clk 0:51:02]} Ne5 {[%clk 0:21:54]} 22. b3 {[%clk 0:49:33]} Nbc6
{[%clk 0:20:08]} 23. Qe1 {[%clk 0:49:30]} Nd3 {[%clk 0:19:15]} 24. Nxd3
{[%clk 0:49:36]} Rxd3 {[%clk 0:19:44]} 25. Bf2 {[%clk 0:47:50]} a5
{[%clk 0:14:52]} 26. Rd2 {[%clk 0:34:37]} Rxd2 {[%clk 0:13:46]} 27. Qxd2
{[%clk 0:34:56]} Rd8 {[%clk 0:14:14]} 28. Qe3 {[%clk 0:33:56]} Nb4
{[%clk 0:13:57]} 29. a3 {[%clk 0:32:16]} Nd3 {[%clk 0:08:53]} 30. Rc2
{[%clk 0:30:49]} b4 {[%clk 0:07:27]} 31. axb4 {[%clk 0:30:41]} axb4
{[%clk 0:06:58]} 32. f4 {[%clk 0:23:02]} Bb5 {[%clk 0:05:44]} 33. e5
{[%clk 0:21:25]} Qa7 {[%clk 0:04:31]} 34. c6 {[%clk 0:18:39]} Qa1+
{[%clk 0:04:10]} 35. Bf1 {[%clk 0:15:00]} Bf8 {[%clk 0:04:19]} 36. Qb6
{[%clk 0:05:59]} Qd1 {[%clk 0:00:47]} 37. Qxd8 {[%clk 0:06:12]} Qxc2
{[%clk 0:01:15]} 38. c7 {[%clk 0:06:15]} Ba6 {[%clk 0:01:17]} 39. Qa8
{[%clk 0:01:04]} Kg7 {[%clk 0:00:38]} 40. Qxa6 {[%clk 0:31:14]} Nxf2
{[%clk 0:30:39]} 41. Qc4 {[%clk 0:27:53]} 1-0

[Event "Reykjavik Open 2013"]
[Site "Reykjavik, Iceland"]
[Date "2013.02.25"]
[Round "8.30"]
[White "Thorhallsson, Throstur"]
[Black "Muir, Andrew J"]
[Result "1-0"]
[WhiteElo "2441"]
[BlackElo "2313"]
[PlyCount "63"]
[EventDate "2013.02.19"]

1. e4 c5 2. Nf3 Nc6 3. d4 cxd4 4. Nxd4 Nf6 5. Nc3 d6 6. f3 e6 7. Be3 Be7 8. Qd2
O-O 9. O-O-O a6 10. g4 Nxd4 11. Qxd4 b5 12. g5 Nd7 13. h4 Qa5 14. Kb1 b4 15.
Ne2 Ne5 16. f4 Ng4 17. Bg1 e5 18. Qd2 Bb7 19. Ng3 f5 20. Bh3 g6 21. h5 exf4 22.
hxg6 hxg6 23. Bxg4 fxg3 24. exf5 Bxh1 25. f6 Bxf6 26. gxf6 Rxf6 27. Bd4 Bd5 28.
b3 Raf8 29. Qg5 Qd8 30. Qxd5+ R8f7 31. Bxf6 Qxf6 32. Be6 1-0

[Event "Reykjavik Open 2013"]
[Site "Reykjavik, Iceland"]
[Date "2013.02.25"]
[Round "8.32"]
[White "Jayakumar, Adarsh"]
[Black "Zumsande, Martin"]
[Result "0-1"]
[WhiteElo "2271"]
[BlackElo "2419"]
[PlyCount "60"]
[EventDate "2013.02.19"]

1. d4 d5 2. c4 c6 3. Nf3 Nf6 4. cxd5 cxd5 5. Nc3 a6 6. Bf4 Nc6 7. Rc1 Bf5 8. e3
e6 9. Qb3 Nh5 10. Qxb7 Na5 11. Qc7 Nxf4 12. Qxd8+ Rxd8 13. exf4 Rb8 14. Bxa6
Rxb2 15. O-O Bd6 16. Nb5 Ke7 17. Nxd6 Kxd6 18. a4 Nb3 19. Rc3 Ra8 20. Bb5 Ra7
21. Rc8 Nd2 22. Nxd2 Rxd2 23. Rfc1 Rxd4 24. Re8 Rxf4 25. g3 Rb4 26. Kg2 Be4+
27. Kh3 Ke5 28. Rd8 Rb2 29. f4+ Kf6 30. Rc3 h5 0-1

[Event "Reykjavik Open 2013"]
[Site "Reykjavik, Iceland"]
[Date "2013.02.25"]
[Round "8.33"]
[White "Bird, Andrew"]
[Black "Kristjansson, Stefan"]
[Result "0-1"]
[WhiteElo "2223"]
[BlackElo "2486"]
[PlyCount "86"]
[EventDate "2013.02.19"]

1. Nf3 Nf6 2. c4 e6 3. g3 b6 4. Bg2 Bb7 5. d4 Bb4+ 6. Bd2 c5 7. Bxb4 cxb4 8. a3
Qe7 9. O-O O-O 10. Qd2 Na6 11. Ne5 Bxg2 12. Kxg2 Rfc8 13. Rc1 d6 14. Nd3 bxa3
15. Nxa3 d5 16. b3 dxc4 17. Nxc4 Rd8 18. e3 Qb7+ 19. f3 Nc7 20. Nce5 Nb5 21.
Nb4 a5 22. Nbc6 Rdc8 23. b4 a4 24. Qd3 Nd6 25. b5 g5 26. e4 Kg7 27. g4 Nfe8 28.
Rab1 a3 29. Rb3 a2 30. Ra1 f6 31. Nc4 Nxb5 32. d5 Nec7 33. Ne7 Rd8 34. d6 Ne8
35. e5 fxe5 36. Qe3 Nbxd6 37. Qxg5+ Kf8 38. Qg8+ Kxe7 39. Qxh7+ Nf7 40. Nxe5
Rd2+ 41. Kg1 Ned6 42. g5 Qd5 43. Nxf7 Qd4+ 0-1

[Event "Reykjavik Open 2013"]
[Site "Reykjavik, Iceland"]
[Date "2013.02.25"]
[Round "8.34"]
[White "Halldorsson, Jon Arni"]
[Black "Kjartansson, Gudmundur"]
[Result "0-1"]
[WhiteElo "2222"]
[BlackElo "2430"]
[PlyCount "78"]
[EventDate "2013.02.19"]

1. d4 Nf6 2. Nf3 b6 3. c4 Bb7 4. g3 g6 5. Bg2 Bg7 6. O-O O-O 7. Nc3 Ne4 8. Nxe4
Bxe4 9. Be3 d6 10. Qd2 Re8 11. Rfd1 Nd7 12. Rac1 c5 13. d5 a6 14. Bh3 Bxf3 15.
Bxd7 Qxd7 16. exf3 b5 17. b4 cxb4 18. Qxb4 Reb8 19. cxb5 axb5 20. Rc2 h5 21. h4
Be5 22. Kg2 Ra4 23. Qb3 Rba8 24. Rb1 Qf5 25. Rc7 b4 26. Qc2 Qxc2 27. Rxc2 Bc3
28. a3 Rxa3 29. Bd2 Ra2 30. Rxa2 Rxa2 31. Bxc3 bxc3 32. Rc1 c2 33. f4 Kg7 34.
Kf3 Kf6 35. Ke4 Rb2 36. f3 Rb4+ 37. Kd3 Rb3+ 38. Ke2 Rc3 39. Kf2 Kg7 0-1

[Event "Reykjavik Open 2013"]
[Site "Reykjavik, Iceland"]
[Date "2013.02.25"]
[Round "8.35"]
[White "Mikkelsen, Nikolaj"]
[Black "Halldorsson, Bragi"]
[Result "1-0"]
[WhiteElo "2421"]
[BlackElo "2180"]
[PlyCount "117"]
[EventDate "2013.02.19"]

1. e4 c6 2. d4 d5 3. Nc3 dxe4 4. Nxe4 Bf5 5. Ng3 Bg6 6. h4 h6 7. Nf3 Nd7 8. h5
Bh7 9. Bd3 Bxd3 10. Qxd3 Ngf6 11. Bf4 e6 12. O-O-O Be7 13. Kb1 O-O 14. Ne4 Nxe4
15. Qxe4 Nf6 16. Qe2 Qd5 17. Ne5 Qe4 18. Qxe4 Nxe4 19. Rhe1 Nf6 20. g4 Rfd8 21.
f3 c5 22. dxc5 Bxc5 23. c4 Kf8 24. Rd3 Rxd3 25. Nxd3 Be7 26. Be5 Rc8 27. b3 Nd7
28. Bb2 Nc5 29. Ne5 Rd8 30. Kc2 Ke8 31. f4 Bh4 32. Re2 Bg3 33. Bc1 f6 34. Nf3
Nd3 35. Rxe6+ Kf7 36. Re2 Nxc1 37. Kxc1 Bxf4+ 38. Kc2 Rd7 39. Re4 Bc7 40. Nh4
Be5 41. Ng6 Bc7 42. Nh8+ Kf8 43. c5 Bd8 44. Kc3 f5 45. Ng6+ Kf7 46. Rf4 Bf6+
47. Kc2 Rd5 48. Rxf5 Rxf5 49. gxf5 Be5 50. b4 Kf6 51. Kd3 Bb2 52. Ke4 Ba3 53.
Nf4 Kg5 54. b5 Bxc5 55. Ne6+ Kxh5 56. Nxc5 Kg4 57. Nxb7 h5 58. Nc5 h4 59. Nd3
1-0

[Event "Reykjavik Open 2013"]
[Site "Reykjavik, Iceland"]
[Date "2013.02.25"]
[Round "8.36"]
[White "Ris, Robert"]
[Black "Ingvason, Johann"]
[Result "1-0"]
[WhiteElo "2407"]
[BlackElo "2148"]
[PlyCount "122"]
[EventDate "2013.02.19"]

1. d4 e6 2. c4 Nf6 3. Nf3 d5 4. g3 Bb4+ 5. Bd2 c5 6. Bg2 Nc6 7. O-O Qb6 8. dxc5
Qxc5 9. cxd5 Nxd5 10. a3 Bxd2 11. Nbxd2 O-O 12. Rc1 Qe7 13. Nc4 b5 14. Nce5
Nxe5 15. Nxe5 Bb7 16. Nc6 Bxc6 17. Rxc6 Rac8 18. Qc2 Nb6 19. Rc1 g6 20. Qb3
Rxc6 21. Rxc6 b4 22. axb4 Rd8 23. b5 Qd7 24. Bf3 Qd1+ 25. Qxd1 Rxd1+ 26. Kg2
Kf8 27. Rc7 Rd7 28. Rc1 Ke7 29. g4 g5 30. Rc5 h6 31. Kg3 Rd4 32. e3 Rc4 33. Rc6
Kd8 34. Rd6+ Ke7 35. Rd2 Rb4 36. Bc6 f5 37. h3 Rb3 38. Kg2 Kf6 39. gxf5 Kxf5
40. Rd8 Rxb2 41. Rf8+ Kg6 42. Be8+ Kg7 43. Rf7+ Kg8 44. Rxa7 Kf8 45. Bc6 Nc4
46. Kf3 h5 47. Rh7 g4+ 48. hxg4 hxg4+ 49. Kg3 Ne5 50. Rb7 Rb4 51. Bg2 Nc4 52.
Bc6 Ne5 53. Ra7 Rb2 54. Rc7 Rb4 55. e4 Rb2 56. Ra7 Rb4 57. Kf4 Nd3+ 58. Kg5
Nxf2 59. Kf6 Kg8 60. Kg6 Kf8 61. Ra8+ Ke7 1-0

[Event "Reykjavik Open 2013"]
[Site "Reykjavik, Iceland"]
[Date "2013.02.25"]
[Round "8.37"]
[White "Maack, Kjartan"]
[Black "Thorfinnsson, Bjorn"]
[Result "0-1"]
[WhiteElo "2136"]
[BlackElo "2386"]
[PlyCount "58"]
[EventDate "2013.02.19"]

1. c4 Nf6 2. g3 c6 3. Bg2 d5 4. Nf3 Bf5 5. b3 Qc8 6. O-O Bh3 7. d3 h5 8. Bxh3
Qxh3 9. Ng5 Qg4 10. e4 dxe4 11. dxe4 e5 12. Be3 Na6 13. f3 Qc8 14. Kg2 h4 15.
g4 h3+ 16. Nxh3 Bc5 17. Qe2 Qe6 18. Nf2 O-O-O 19. Bxc5 Nxc5 20. b4 Nxg4 21.
bxc5 Rxh2+ 22. Kg1 Nxf2 23. Rxf2 Qg6+ 24. Rg2 Rxg2+ 25. Qxg2 Rd1+ 26. Kh2 Qf6
27. a4 Kc7 28. Ra2 Qh4+ 29. Qh3 Rh1+ 0-1

[Event "Reykjavik Open 2013"]
[Site "Reykjavik, Iceland"]
[Date "2013.02.25"]
[Round "8.39"]
[White "Omarsson, Dadi"]
[Black "Kashlinskaya, Alina"]
[Result "1/2-1/2"]
[WhiteElo "2212"]
[BlackElo "2350"]
[PlyCount "73"]
[EventDate "2013.02.19"]

1. e4 e5 2. Nf3 Nc6 3. Bc4 Nf6 4. Ng5 d5 5. exd5 Na5 6. Bb5+ c6 7. dxc6 bxc6 8.
Bd3 Nd5 9. Nf3 Bd6 10. O-O Nf4 11. Re1 Nxd3 12. cxd3 O-O 13. Nc3 Bg4 14. h3 Bh5
15. Ne4 Nb7 16. b3 f5 17. Nxd6 Qxd6 18. Bb2 Rae8 19. Qe2 Qd5 20. Bxe5 Rf6 21.
d4 Rg6 22. Kh2 Nd6 23. Rac1 Nf7 24. Rc5 Qd7 25. Qc4 Bxf3 26. gxf3 f4 27. Rg1
Rxg1 28. Kxg1 Qxh3 29. Rxc6 Qxf3 30. Rc7 Qg4+ 31. Kf1 Qd1+ 32. Kg2 Qg4+ 33. Kf1
Qh5 34. Ke1 Qh1+ 35. Ke2 Qe4+ 36. Kd1 Qb1+ 37. Ke2 1/2-1/2

[Event "Reykjavik Open 2013"]
[Site "Reykjavik, Iceland"]
[Date "2013.02.25"]
[Round "8.40"]
[White "Bewersdorff, Oliver"]
[Black "Drill, Frank"]
[Result "1/2-1/2"]
[WhiteElo "2335"]
[BlackElo "2124"]
[PlyCount "24"]
[EventDate "2013.02.19"]

1. Nf3 c5 2. c4 b6 3. g3 Bb7 4. Bg2 Nf6 5. Nc3 e6 6. O-O Be7 7. d4 cxd4 8. Qxd4
a6 9. Be3 Bc5 10. Qd2 Bxe3 11. Qxe3 d6 12. Rfd1 Qc7 1/2-1/2

[Event "Reykjavik Open 2013"]
[Site "Reykjavik, Iceland"]
[Date "2013.02.25"]
[Round "8.41"]
[White "Newrkla, Katharina"]
[Black "Gislason, Gudmundur"]
[Result "0-1"]
[WhiteElo "2135"]
[BlackElo "2329"]
[PlyCount "96"]
[EventDate "2013.02.19"]

1. e4 g6 2. d4 Bg7 3. Nc3 d6 4. f4 a6 5. Nf3 b5 6. Bd3 Bb7 7. O-O c5 8. dxc5
dxc5 9. e5 Nd7 10. e6 fxe6 11. Ng5 Nf8 12. Qe2 Nf6 13. Nxe6 Nxe6 14. Qxe6 c4
15. Be2 Qd6 16. Qh3 b4 17. Nd1 c3 18. bxc3 Ne4 19. Rb1 Bxc3 20. Bd3 Bd4+ 21.
Kh1 O-O 22. a3 a5 23. axb4 axb4 24. Be3 Rf5 25. Bxe4 Bxe4 26. Bxd4 Qxd4 27.
Qb3+ Rd5 28. Nf2 Ra3 29. Qxb4 Qxb4 30. Rxb4 Bxc2 31. Rb2 Bf5 32. h3 Rd4 33. Ng4
Bxg4 34. hxg4 Re3 35. Kh2 Kf7 36. Rbf2 Kf6 37. Rf3 Ree4 38. R1f2 e6 39. g5+ Kf5
40. g3 Kg4 41. Ra3 Re1 42. Rfa2 Rdd1 43. Ra7 Rh1+ 44. Kg2 Rdg1+ 45. Kf2 Rxg3
46. R2a4 Rh2+ 47. Kf1 Rb3 48. Kg1 Rhb2 0-1

[Event "Reykjavik Open 2013"]
[Site "Reykjavik, Iceland"]
[Date "2013.02.25"]
[Round "8.42"]
[White "Bjerke, Richard"]
[Black "Kvisvik, Brede"]
[Result "1-0"]
[WhiteElo "2131"]
[BlackElo "2314"]
[PlyCount "79"]
[EventDate "2013.02.19"]

1. e4 c5 2. Nf3 d6 3. d4 cxd4 4. Nxd4 Nf6 5. Nc3 a6 6. Be2 e6 7. O-O Nbd7 8. f4
b5 9. Bf3 Bb7 10. e5 Bxf3 11. Nxf3 Qb6+ 12. Kh1 Ng4 13. Qe2 d5 14. f5 Bc5 15.
h3 h5 16. Bg5 Be3 17. fxe6 fxe6 18. Qd3 Nf8 19. Bh4 Rc8 20. Bg3 Bf2 21. Bf4 Be3
22. Bg3 Bf2 23. Bf4 Rc4 24. g3 h4 25. b3 Rc6 26. hxg4 hxg3+ 27. Kg2 Qc7 28. Ne2
g5 29. Bxg3 Bxg3 30. Kxg3 Rxc2 31. Rac1 Rc5 32. Rxc5 Qxc5 33. Rc1 Qe7 34. Qc2
Kf7 35. Qc7 Nd7 36. Ned4 Kg6 37. Rc6 Qf7 38. Rxe6+ Kg7 39. Nf5+ Kg8 40. Qd8+
1-0

[Event "Reykjavik Open 2013"]
[Site "Reykjavik, Iceland"]
[Date "2013.02.25"]
[Round "8.43"]
[White "Andreasen, Per Naesby"]
[Black "Palsson, Halldor"]
[Result "1-0"]
[WhiteElo "2302"]
[BlackElo "2078"]
[PlyCount "48"]
[EventDate "2013.02.19"]

1. Nf3 d6 2. d4 Nf6 3. Nc3 Nbd7 4. e4 e5 5. Bc4 Be7 6. O-O O-O 7. h3 c6 8. a4
b6 9. Qe2 a6 10. d5 c5 11. Bd2 Nh5 12. g3 Bf6 13. Kg2 g6 14. Nd1 Bg7 15. c3 f5
16. Ng5 Ndf6 17. Ne6 Bxe6 18. dxe6 Kh8 19. exf5 d5 20. Ba2 Ne4 21. Bc1 Rxf5 22.
Ne3 Rg5 23. Ng4 Rf5 24. c4 Nd6 1-0

[Event "Reykjavik Open 2013"]
[Site "Reykjavik, Iceland"]
[Date "2013.02.25"]
[Round "8.44"]
[White "Prosviriakov, Vladimir"]
[Black "Frick, Renato"]
[Result "1-0"]
[WhiteElo "2297"]
[BlackElo "2075"]
[PlyCount "163"]
[EventDate "2013.02.19"]

1. e4 c5 2. Nf3 Nc6 3. Bb5 e6 4. Bxc6 bxc6 5. O-O Ne7 6. d3 Ng6 7. Nbd2 Be7 8.
e5 O-O 9. Nc4 f6 10. Qe2 Ba6 11. exf6 gxf6 12. Bh6 Rf7 13. Ncd2 Qc7 14. c4 Re8
15. Ne4 d5 16. Ng3 Bd6 17. Rfe1 Ree7 18. b3 Bc8 19. Rac1 e5 20. cxd5 cxd5 21.
b4 Qb6 22. bxc5 Bxc5 23. Rxc5 Qxc5 24. Rc1 Qxc1+ 25. Bxc1 Rb7 26. h4 Bg4 27. h5
Rfc7 28. hxg6 Rxc1+ 29. Kh2 hxg6 30. Nf1 Rbb1 31. Kg3 Bxf3 32. Qxf3 Rxf1 33.
Qxf6 Rb2 34. Qxg6+ Kf8 35. Qd6+ Kf7 36. Qxd5+ Kf6 37. Qd6+ Kf7 38. Qc7+ Ke6 39.
Qxa7 Ra1 40. Qa6+ Kd5 41. Qc4+ Kd6 42. d4 Raxa2 43. Qc5+ Kd7 44. dxe5 Rd2 45.
Kf3 Rac2 46. Qe3 Ke6 47. Kg3 Re2 48. Qb6+ Kxe5 49. f4+ Kf5 50. Qb5+ Ke6 51.
Qe8+ Kd6 52. Qg6+ Kd5 53. Qf7+ Kd6 54. Kg4 Rxg2+ 55. Kf5 Rc5+ 56. Kf6 Rf2 57.
Qe7+ Kc6 58. Qe6+ Kc7 59. Qe3 Rc6+ 60. Ke7 Rcc2 61. Qe5+ Kb6 62. Qd6+ Kb7 63.
Qd5+ Kb6 64. f5 Rfe2+ 65. Kf7 Rc7+ 66. Kf6 Rc6+ 67. Kg5 Rec2 68. Qd8+ Kb7 69.
Qe7+ Kc8 70. Qe8+ Kc7 71. Qe4 R2c5 72. Qe7+ Kc8 73. Qa7 Kd8 74. Qf7 Kc8 75. Qe7
Rc7 76. Qe8+ Kb7 77. Kg6 Rc8 78. Qe4+ R5c6+ 79. f6 Rg8+ 80. Kh7 Rd8 81. f7 Rd7
82. Kg8 1-0

[Event "Reykjavik Open 2013"]
[Site "Reykjavik, Iceland"]
[Date "2013.02.25"]
[Round "8.45"]
[White "Cubas Pons, Juan Miguel"]
[Black "Palmqvist, Fredrik"]
[Result "1-0"]
[WhiteElo "2284"]
[BlackElo "2050"]
[PlyCount "49"]
[EventDate "2013.02.19"]

1. d4 Nf6 2. Bg5 e6 3. Nd2 h6 4. Bh4 c5 5. e4 cxd4 6. e5 g5 7. Bg3 Nd5 8. h4
gxh4 9. Bxh4 Qa5 10. Ngf3 Nc6 11. Bc4 d6 12. exd6 Bxd6 13. O-O Be7 14. Bxe7
Ncxe7 15. Ne4 Qc7 16. Qxd4 Rg8 17. Bb5+ Kf8 18. Nf6 Nf5 19. Nxd5 Qd6 20. Qc3
Qxd5 21. Rad1 Rxg2+ 22. Kxg2 Nh4+ 23. Kg3 Nf5+ 24. Kh2 Qxb5 25. Qh8+ 1-0

[Event "Reykjavik Open 2013"]
[Site "Reykjavik, Iceland"]
[Date "2013.02.25"]
[Round "8.46"]
[White "Marentini, Marcel"]
[Black "Tari, Aryan"]
[Result "0-1"]
[WhiteElo "2069"]
[BlackElo "2263"]
[PlyCount "82"]
[EventDate "2013.02.19"]

1. Nf3 Nf6 2. g3 b5 3. Bg2 Bb7 4. O-O e6 5. a4 b4 6. d3 Be7 7. e4 O-O 8. h3 c5
9. Nbd2 d6 10. Re1 Nbd7 11. Nf1 c4 12. g4 cxd3 13. cxd3 Rc8 14. Be3 a5 15. Ng3
Nc5 16. Nd4 Ba6 17. Bf1 Qd7 18. g5 Ne8 19. Nb5 d5 20. Bxc5 Rxc5 21. d4 Rc8 22.
e5 Bxg5 23. Qg4 Bh6 24. Bd3 Nc7 25. Nh5 Kh8 26. Qe2 Rb8 27. Nd6 Bxd3 28. Qxd3
Ne8 29. Nb5 Nc7 30. Nd6 f5 31. Ng3 f4 32. Nf1 Ne8 33. Nb5 f3 34. Ng3 Qe7 35.
Rac1 Bxc1 36. Rxc1 Qg5 37. Rc6 g6 38. Kh2 h5 39. Rxe6 Kh7 40. Qe3 Qxe3 41. fxe3
Rc8 0-1

[Event "Reykjavik Open 2013"]
[Site "Reykjavik, Iceland"]
[Date "2013.02.25"]
[Round "8.47"]
[White "Borsos, Bogdan"]
[Black "Thorsteinsdottir, Gudlaug"]
[Result "1-0"]
[WhiteElo "2260"]
[BlackElo "2041"]
[PlyCount "55"]
[EventDate "2013.02.19"]

1. d4 d5 2. c4 e6 3. g3 Nf6 4. Bg2 c6 5. Qc2 Bb4+ 6. Bd2 Bxd2+ 7. Nxd2 Nbd7 8.
Ngf3 Qc7 9. O-O O-O 10. Rac1 Re8 11. Rfd1 Qb8 12. a4 e5 13. cxd5 Nxd5 14. Ng5
g6 15. e4 N5f6 16. Qb3 Rf8 17. d5 c5 18. Nc4 h6 19. Ne6 Re8 20. Qe3 fxe6 21.
Qxh6 exd5 22. Qxg6+ Kh8 23. exd5 b6 24. Rc3 Ba6 25. g4 Re7 26. Rh3+ Rh7 27. Nd6
Qxd6 28. Rxh7+ 1-0

[Event "Reykjavik Open 2013"]
[Site "Reykjavik, Iceland"]
[Date "2013.02.25"]
[Round "8.48"]
[White "Hardarson, Jon Trausti"]
[Black "Thompson, Ian D"]
[Result "0-1"]
[WhiteElo "1853"]
[BlackElo "2260"]
[PlyCount "88"]
[EventDate "2013.02.19"]

1. e4 e6 2. d4 d5 3. Nc3 Nf6 4. e5 Nfd7 5. f4 c5 6. Nf3 Nc6 7. Be3 cxd4 8. Nxd4
Bc5 9. Qd2 O-O 10. O-O-O a6 11. Qf2 Nxd4 12. Bxd4 Qe7 13. Bd3 b5 14. g4 Bxd4
15. Qxd4 Qc5 16. Ne2 b4 17. Rhg1 a5 18. Rg3 Qxd4 19. Nxd4 Ba6 20. Rh3 Bxd3 21.
cxd3 Rfc8+ 22. Kd2 a4 23. Rf3 b3 24. a3 g5 25. Re1 gxf4 26. Rxf4 Ra5 27. h4
Rac5 28. Rf2 Nb8 29. Ree2 Nc6 30. Nxc6 R8xc6 31. d4 Rc1 32. Kd3 R6c4 33. Rd2
Kg7 34. Rde2 Rb1 35. Rd2 Rcc1 36. Rfe2 Rh1 37. Rh2 Rxh2 38. Rxh2 Rg1 39. Rd2
Rg3+ 40. Ke2 Rxg4 41. Kd3 Rg3+ 42. Ke2 Rh3 43. Kd1 Rh1+ 44. Ke2 Rxh4 0-1

[Event "Reykjavik Open 2013"]
[Site "Reykjavik, Iceland"]
[Date "2013.02.25"]
[Round "8.49"]
[White "Beeke, Bob"]
[Black "Ragnarsson, Dagur"]
[Result "1-0"]
[WhiteElo "2257"]
[BlackElo "1961"]
[PlyCount "93"]
[EventDate "2013.02.19"]

1. c4 e6 2. Nf3 d5 3. d4 c5 4. dxc5 Bxc5 5. a3 a6 6. e3 Nf6 7. b4 Ba7 8. Bb2
O-O 9. Nbd2 dxc4 10. Nxc4 b5 11. Nce5 Bb7 12. Bd3 Nbd7 13. Nxd7 Nxd7 14. O-O
Rc8 15. Qe2 Qe7 16. a4 Bb8 17. axb5 axb5 18. Rfb1 Bxf3 19. Qxf3 Ne5 20. Bxe5
Bxe5 21. Qe4 Bxh2+ 22. Kxh2 f5 23. Qe5 Rcd8 24. Bf1 f4 25. Rd1 Rxd1 26. Rxd1
fxe3 27. Qxe3 Qxb4 28. Qxe6+ Kh8 29. Kg1 Qb2 30. Qe2 Qb3 31. Rd3 Qg8 32. Rd4
Qb3 33. Qe7 Kg8 34. Rd8 Rxd8 35. Qxd8+ Kf7 36. Qd7+ Kf6 37. Qxb5 Qd1 38. Qd3
Qh5 39. Qd6+ Kf7 40. Bc4+ Ke8 41. Be6 Qb5 42. Qc7 g5 43. Qxh7 Kd8 44. Qf5 Qc6
45. Qxg5+ Kc7 46. Qe7+ Kb8 47. Qd8+ 1-0

[Event "Reykjavik Open 2013"]
[Site "Reykjavik, Iceland"]
[Date "2013.02.25"]
[Round "8.50"]
[White "Ragnarsson, Johann"]
[Black "Karason, Askell O"]
[Result "1-0"]
[WhiteElo "2046"]
[BlackElo "2235"]
[PlyCount "87"]
[EventDate "2013.02.19"]

1. d4 d6 2. Nf3 Bg4 3. g3 Bxf3 4. exf3 c6 5. Bg2 g6 6. c3 Bg7 7. Bg5 Nf6 8. Qd2
Qb6 9. O-O Nbd7 10. Re1 e6 11. Na3 d5 12. c4 O-O 13. c5 Qc7 14. Bf4 e5 15. dxe5
Nh5 16. Bg5 Bxe5 17. f4 Bf6 18. Bh6 Rfe8 19. f5 gxf5 20. Bh3 Ng7 21. Bxg7 Kxg7
22. Bxf5 Nxc5 23. Rac1 Ne6 24. Qd1 Bxb2 25. Qg4+ Kh8 26. Nb5 Qd8 27. Qh5 Nf8
28. Rxe8 Qxe8 29. Nd6 Qe7 30. Nxf7+ Kg7 31. Rb1 Qxf7 32. Qg4+ Kh8 33. Rxb2 Re8
34. Qd4+ Kg8 35. Qg4+ Ng6 36. h4 Qg7 37. Rb4 Re7 38. h5 Ne5 39. Be6+ Kh8 40.
Qf5 Nc4 41. Rxc4 dxc4 42. h6 Qa1+ 43. Kg2 Re8 44. Qf7 1-0

[Event "Reykjavik Open 2013"]
[Site "Reykjavik, Iceland"]
[Date "2013.02.25"]
[Round "8.51"]
[White "Wang, Yiye"]
[Black "Thorgeirsson, Jon Kristinn"]
[Result "1-0"]
[WhiteElo "2226"]
[BlackElo "1766"]
[PlyCount "69"]
[EventDate "2013.02.19"]

1. e4 e5 2. Nf3 Nc6 3. Bb5 Nf6 4. O-O Bc5 5. Nxe5 Nxe5 6. d4 Qe7 7. Nc3 a6 8.
Be2 Ba7 9. Bg5 Nc6 10. e5 Nxe5 11. Re1 O-O 12. Bf1 Qb4 13. Bxf6 gxf6 14. dxe5
fxe5 15. Nd5 Qc5 16. Qf3 f6 17. b4 Qd6 18. Rad1 Kh8 19. Bd3 c6 20. Qh5 f5 21.
Bxf5 Bxf2+ 22. Kxf2 Qg6 23. Qxg6 hxg6 24. Ne7 Kg7 25. Rd6 Rf6 26. Rxf6 Kxf6 27.
Nxc8 Kxf5 28. Nd6+ Ke6 29. Nxb7 d6 30. Rd1 d5 31. Nc5+ Kd6 32. Rd3 Rf8+ 33. Rf3
Rg8 34. Rf6+ Kc7 35. Rf7+ 1-0

[Event "Reykjavik Open 2013"]
[Site "Reykjavik, Iceland"]
[Date "2013.02.25"]
[Round "8.52"]
[White "Van Heirzeele, Daniel"]
[Black "Krush, Irina"]
[Result "0-1"]
[WhiteElo "2125"]
[BlackElo "2460"]
[PlyCount "90"]
[EventDate "2013.02.19"]

1. d4 d5 2. c4 e6 3. Nf3 c6 4. Qc2 Nf6 5. g3 dxc4 6. Qxc4 b5 7. Qd3 Bb7 8. Bg2
Nbd7 9. O-O a6 10. Nfd2 Be7 11. a4 b4 12. a5 O-O 13. Nc4 Ra7 14. e4 c5 15. d5
exd5 16. exd5 Nxd5 17. Rd1 N7f6 18. Qc2 Qc7 19. Nbd2 Raa8 20. Nb3 h6 21. Bd2
Rfe8 22. Rac1 Bf8 23. Qf5 Bc8 24. Qb1 Be6 25. Be1 Rad8 26. h3 g6 27. Ncd2 Bf5
28. Qa2 Bd3 29. Nf1 Be2 30. Rd2 Qa7 31. Nxc5 Bxc5 32. Bxd5 Nxd5 33. Rxd5 Bd4
34. Rxd8 Rxd8 35. Qb3 Bb5 36. Qc2 Re8 37. Bxb4 Re2 38. Qc8+ Re8 39. Qc2 Re2 40.
Qc8+ Kh7 41. Rc7 Bxf2+ 42. Kh1 Bd3 43. Nd2 Re1+ 44. Kg2 Rg1+ 45. Kh2 Bxg3# 0-1

[Event "Reykjavik Open 2013"]
[Site "Reykjavik, Iceland"]
[Date "2013.02.25"]
[Round "8.53"]
[White "Johansen, Stian"]
[Black "Malmdin, Nils-Ake"]
[Result "1-0"]
[WhiteElo "2090"]
[BlackElo "2281"]
[PlyCount "53"]
[EventDate "2013.02.19"]

1. d4 Nf6 2. c4 e6 3. Nc3 Bb4 4. Qc2 O-O 5. Nf3 b5 6. cxb5 c6 7. e3 cxb5 8.
Bxb5 Bb7 9. Be2 Ne4 10. O-O f5 11. Qb3 Qa5 12. a3 Nxc3 13. bxc3 Bxf3 14. axb4
Bd5 15. c4 Qxa1 16. cxd5 a5 17. Bb2 Qxf1+ 18. Bxf1 a4 19. Qa2 a3 20. Bxa3 Na6
21. Bxa6 Rxa6 22. b5 Ra5 23. dxe6 dxe6 24. g3 Kf7 25. d5 Rfa8 26. dxe6+ Ke8 27.
Qd5 1-0

[Event "Reykjavik Open 2013"]
[Site "Reykjavik, Iceland"]
[Date "2013.02.25"]
[Round "8.54"]
[White "Mamedjarova, Turkan"]
[Black "Andreasen, Jakup A.R"]
[Result "1-0"]
[WhiteElo "2280"]
[BlackElo "1992"]
[PlyCount "53"]
[EventDate "2013.02.19"]

1. e4 c5 2. Nf3 Nc6 3. Bb5 e6 4. O-O Nge7 5. d4 cxd4 6. Nxd4 Ng6 7. Be3 Be7 8.
c3 O-O 9. Nd2 a6 10. Be2 Qc7 11. a4 d5 12. exd5 exd5 13. Qb3 Be6 14. Bf3 Nxd4
15. Bxd4 Qd7 16. g3 Kh8 17. Rfe1 b5 18. Be2 bxa4 19. Qxa4 a5 20. Bd3 Bd6 21.
Nf3 Rfb8 22. Qc2 h6 23. Bxg6 fxg6 24. Qxg6 Bf5 25. Qxh6+ Kg8 26. Bxg7 Be7 27.
Qh8+ 1-0

[Event "Reykjavik Open 2013"]
[Site "Reykjavik, Iceland"]
[Date "2013.02.25"]
[Round "8.55"]
[White "Raddatz, Michael"]
[Black "Wahlbom, Magnus"]
[Result "0-1"]
[WhiteElo "2075"]
[BlackElo "2279"]
[PlyCount "94"]
[EventDate "2013.02.19"]

1. e4 e6 2. d4 d5 3. e5 c5 4. c3 Nc6 5. Nf3 Bd7 6. Be2 Nge7 7. O-O Ng6 8. Re1
Rc8 9. Be3 cxd4 10. cxd4 f6 11. exf6 Qxf6 12. Nc3 Bd6 13. Bd3 O-O 14. Ng5 h6
15. Nh3 Nh4 16. Qg4 Nf5 17. Bxf5 Qxf5 18. Qxf5 Rxf5 19. f4 Nb4 20. Re2 Nd3 21.
g3 Rf7 22. Nf2 Nxb2 23. Nce4 Ba3 24. Nc5 Nc4 25. Rb1 b6 26. Ncd3 Bd6 27. Ne5
Bxe5 28. fxe5 Rf3 29. Rb3 Nxe3 30. Rexe3 Rxe3 31. Rxe3 Rc4 32. Rd3 Rc1+ 33. Kg2
Bb5 34. Ra3 a5 35. Rb3 Bf1+ 36. Kf3 b5 37. a3 Kf7 38. Ng4 Bc4 39. Re3 Rd1 40.
h4 Rxd4 41. Nf2 Rd2 42. g4 b4 43. axb4 axb4 44. Re1 b3 45. Ra1 b2 46. Ra7+ Ke8
47. Rb7 Ba2 0-1